|
|
|
|
| LEADER |
00000nab a2200000 a 4500 |
| 001 |
vtls000524456 |
| 003 |
SK-MaSNL |
| 005 |
20260304090725.0 |
| 008 |
250425c1994 xo 0 slo |
| 015 |
|
|
|a SNBRB19rr/mm-uuuuu
|
| 035 |
|
|
|a CL0524594
|
| 035 |
|
|
|a urn:nbn:sk:snk-ab6pre
|
| 035 |
|
|
|a (uuid)a69adb34-79b6-46ac-829c-d3a85906df7c
|
| 035 |
|
|
|a (urnnbn)urn:nbn:sk:snk:ar-005r33
|
| 035 |
|
|
|a (sysno)vtls000524456
|
| 040 |
|
|
|a SNKBUCL
|b slo
|c SNKBUCL
|e AACR2
|
| 041 |
0 |
|
|a cze
|
| 044 |
|
|
|a xo
|c SK
|
| 080 |
|
|
|a 621.791.05:539.319:539.42:620.191.3
|2 1981
|
| 080 |
|
|
|a 539.319
|2 1981
|
| 080 |
|
|
|a 539.42
|2 1981
|
| 080 |
|
|
|a 620.191.3
|2 1981
|
| 100 |
1 |
|
|a Bielak, Ondrej
|4 aut
|9 973587
|
| 245 |
1 |
0 |
|a Analýza vlivu zbytkových napětí na riziko náhlého lomu obvodových svarových spojů
|c Ondrej Bielak, Vladimír Bína
|
| 300 |
|
|
|b Grafy 2, sch. 1, tab. 2, lit. 5 zázn. v angl.
|
| 500 |
|
|
|a Na dok. chybne ISSN
|
| 650 |
0 |
7 |
|a zvarové spoje
|2 snkbucl
|9 31821
|
| 650 |
0 |
7 |
|a lom náhly
|2 snkbucl
|9 1262754
|
| 650 |
0 |
7 |
|a napätie zvyškové
|2 snkbucl
|9 952598
|
| 655 |
|
7 |
|a články z novín a časopisov
|2 snkbucl
|9 267496
|
| 700 |
1 |
|
|a Bína, Vladimír
|4 aut
|9 791476
|
| 773 |
0 |
|
|t Zváranie
|g Roč. 43, č. 8 (1994), s. 193-196
|x 0044-5525
|
| 850 |
|
|
|a Slovenská národná knižnica
|
| 852 |
|
|
|a Slovenská národná knižnica
|
| 954 |
|
|
|a odborná, vedecká literatúra pôvodná (slovenská)
|2 lita
|
| 954 |
|
|
|a odborná, vedecká literatúra cudzojazyčná (svetová)
|2 lita
|
| 958 |
|
|
|a article
|
| 958 |
|
|
|a OND
|
| 958 |
|
|
|a NB
|
| 958 |
|
|
|a RK
|
| 958 |
|
|
|a CZ
|
| 958 |
|
|
|a EUIPO
|
| 992 |
|
|
|a RBX
|
| 999 |
|
|
|c 2812413
|d 2814343
|